000 00800nam a22003137a 4500
003 OSt
005 20140401081946.0
008 140401b xxu||||| |||| 00| 0 eng d
020 _a0590998595
050 _aLB 1049.9
_b.T888s41 1997
100 _aTuchman, Gail.
245 _aThe three little pigs /
_cGail Tuchman ; illustrated by Tony Griego.
260 _aNew York :
_bScholastic,
_cc1997.
300 _a16 p. :
_bcol. ill. ;
_c14 cm.
440 _aScholastic phonics readers
_n#41
521 _aG1
526 _c200
650 _aReaders (Primary)
650 _aReading
_vPhonetic method.
942 _2lcc
_cBK
999 _c48883
_d48883